| 000 | 00426nam a2200157Ia 4500 | ||
|---|---|---|---|
| 008 | 230917s9999||||xx |||||||||||||| ||und|| | ||
| 020 | _cRS70 | ||
| 040 |
_e21021 _aMAIN |
||
| 041 | _aEnglish | ||
| 082 | _a514 M896I | ||
| 100 | _aMukhi, Sunil | ||
| 245 | 0 | _aIntroduction to topology, differential geometry and group theory for physicists | |
| 260 |
_aNew Delhi _bWiley Eastern _c1990 |
||
| 300 | _axii, 210 p. | ||
| 942 | _cBK | ||
| 999 |
_c68416 _d68416 |
||